000 00551nam a2200205Ia 4500
003 OSt
005 20250804184134.0
008 210423s1996 xx 000 0 und d
040 _cAL
041 _aEnglish
082 _a320
_bGUPI
100 _aBhabani Sen Gupta
_9102647
245 _aIndia
_b: problems of governance
260 _aDelhi
_bKonark Publication Pvt Ltd
_c1996
365 _b450
_cINR
650 _aPolitical Science
_9102648
650 _aPolitical Science
_9102648
906 _agovernance ; India: ; problems
942 _2ddc
_cBK
999 _c171926
_d171926